00444 2200181 4500001002100000005001500021008004100036020002200077035001900099041000700118082000800125090001400133100001500147245003400162250000600196260002400202300003600226INLIS00000000000733920241224113445241224||||||||| | ||| |||| || |  a978-979-054-365-2 0010-1224007339 aid0 a811 a811 ADE c0 aAde Husnul00aCiri dan Karakteristik Pantun a1 aBogorbQuadrac2010 a25x17,5 cm, vi, 58 hlm.; ilus.: